Provincies van Nederland per Afbeelding - Statistieken

Algemene statistieken
  • Deze quiz is 28 keer genomen
  • De gemiddelde score is 11 van 12
Antwoordstatistieken
Foto Antwoord % Correct
Drenthe
100%
Zeeland
100%
Friesland
95%
Groningen
95%
Noord-Brabant
95%
Noord-Holland
95%
Zuid-Holland
95%
Gelderland
90%
Limburg
90%
Overijssel
90%
Utrecht
90%
Flevoland
86%
Geen overeenkomende quizzen gevonden
Scoreverdeling
Procent van Mensen met Elke Score
Percentiel versus Aantal Correcte Antwoorden
Uw Scoregeschiedenis
U heeft deze quiz nog niet genomen